00467 2200181 4500001002100000005001500021035002000036245004400056100001600100250000600116300003700122260004400159082001000203084001600213020001800229650002100247990001700268INLIS00000000000076920190226030205 a0010-02190000801 aPemeliharaan Udang Galah /cIr. Gusrina0 aIr. Gusrina a- aviii, 39 hlm. :bilus. ;c21 cm. aJakarta :bPT Musi Perkasa Utama,c2005 a639.5 a639.5 GUS p a979-651-142-8 aPeternakan Udang a02802/H/2018